000 00613nam a22002177a 4500
005 20220728152151.0
008 220728b ||||| |||| 00| 0 eng d
020 _a983974707x
040 _cAL
041 _aEnglish
082 _223
_a333.9516
_bSHIB
100 _aVandana Shiva
_953842
245 _aBiodiversity: A Third World Perspective
260 _aMalaysia
_bThird World Net work
300 _a29 p.
_bPB
_c21x14 cm.
650 _aDeveloping countries
_953843
650 _aBiodiversity conservation
_953844
650 _aBiodiversity
_953845
700 _aSHIVA (Vandana)
_953846
942 _2ddc
_cGF
999 _c224266
_d224266